| 000 | 00694nam a22001937a 4500 | ||
|---|---|---|---|
| 005 | 20161110154338.0 | ||
| 010 | _aENG-116499 | ||
| 020 |
_a9788173049996 _c1500.00 |
||
| 035 | _aEN-100031 | ||
| 037 | _bDBAD/PUB | ||
| 082 | _a821.08 | ||
| 100 | _aBangha,Imre | ||
| 245 |
_aScorpion in the hand Brajbhasha court poetry from central India around 1800 : _cby Imre Bangha _ba critical edition of thakur's kabittas / |
||
| 260 |
_aNew Delhi _bManohar Publisher & Distributors _c2014 |
||
| 270 |
_a4753/23 Ansari Road,Daryaganj _bNew Delhi _e110002 |
||
| 300 |
_a370p. _c22cm (Hb) |
||
| 500 | _aIncludes bibliographical references and index | ||
| 942 |
_2ddc _cEN _h821.08 _mBAN |
||
| 999 |
_c104577 _d104577 |
||